どこの「みさと」? - Statistics

General Stats
  • This quiz has been taken 34 times
  • The average score is 3 of 10
Answer Stats
Hint Explanation Answer % Correct
「みさと」駅がある 三郷市
87%
現存しない 現在は高崎市 箕郷町
48%
2018年に廃止した鉄道路線が通っていた。 JR三江線(竹駅~石見都賀駅)が通っていた。 美郷町(島根県)
42%
特急停車駅が3つ以上ある 甲斐岩間駅、鰍沢口駅、市川大門駅の3つ 市川三郷町
42%
鉄道路線が3路線以上ある 東北本線、陸羽東線、石巻線の3つ 美里町(宮城県)
23%
町の花はアヤメ
三郷市:サツキ
美里町(宮城県):バラ
美里町(埼玉県):キク
美里町(熊本県):桜
美郷町(秋田県):ラベンダー
美郷町(島根県):シャクナゲ
美郷町(宮崎県):ウメ
箕郷町:定義なし
市川三郷町:りんどう
会津美里町
23%
2桁国道がある 国道13号 美郷町(秋田県)
19%
面積が400㎢以上 美郷町(宮崎県):448.84㎢
三郷市:30.13㎢
美里町(宮城県):74.99㎢
美里町(埼玉県):33.41㎢
美里町(熊本県):144.00㎢
美郷町(秋田県):168.32㎢
美郷町(島根県):282.92㎢
箕郷町:43.76㎢
会津美里町:276.33㎢
市川三郷町:75.18㎢
美郷町(宮崎県)
13%
1954年に「みさと」村として誕生 美里町(埼玉県)
10%
日本一の石段がある 釈迦院御坂遊歩道。3,333段ある。 美里町(熊本県)
10%
No matching quizzes found
Score Distribution
Percent of People with Each Score
Percentile by Number Answered
Your Score History
You have not taken this quiz